[Event "41. Open Ciutat de Badalona 2015"]
[Site "Badalona ESP"]
[Date "2015.08.09"]
[Round "8.10"]
[White "Diaz Camallonga, Carles"]
[Black "Gallego Alcaraz, Andres Felipe"]
[Result "1/2-1/2"]
[WhiteElo "2358"]
[BlackElo "2443"]
[PlyCount "110"]
[EventDate "2015.08.02"]
[EventType "swiss"]
[EventRounds "9"]
[EventCountry "ESP"]
[SourceTitle "Ajedrez en Madrid"]
[Source "lmi"]
[SourceDate "2015.08.02"]
[SourceVersion "1"]
[SourceVersionDate "2018.07.18"]
[SourceQuality "1"]

1. e4 c5 2. Nf3 Nc6 3. Bb5 d6 4. O-O Bd7 5. Re1 Nf6 6. h3 Ne5 7. a4 a6 8. Bxd7+
Nfxd7 9. Nc3 g6 10. Nxe5 Nxe5 11. d3 Bg7 12. Be3 Nc6 13. Qd2 O-O 14. Ne2 Bxb2
15. Rab1 Bg7 16. Rxb7 Rb8 17. Rbb1 Rb4 18. Rxb4 cxb4 19. d4 Qa5 20. Ra1 f5 21.
Qd3 Kh8 22. Qc4 Nb8 23. Bg5 Qd8 24. Qe6 Qc8 25. exf5 gxf5 26. Qb3 Nc6 27. Rd1
e5 28. dxe5 dxe5 29. Rd6 a5 30. Qd5 Nd4 31. Nxd4 exd4 32. Bh6 Bxh6 33. Rxh6
Qxc2 34. Qxd4+ Kg8 35. Ra6 Qc1+ 36. Kh2 Qc7+ 37. f4 Rd8 38. Qe3 Kh8 39. Ra7 Qd6
40. Rxa5 Qd4 41. Qxd4+ Rxd4 42. Kg3 b3 43. Rb5 Rxa4 44. Rxb3 Kg7 45. Rf3 Kh6
46. Kh4 Kg6 47. g3 Ra6 48. g4 fxg4 49. hxg4 Ra1 50. f5+ Kg7 51. Re3 Rh1+ 52.
Kg3 Kf6 53. Kf4 Rf1+ 54. Rf3 Rxf3+ 55. Kxf3 h5 1/2-1/2

[Event "41. Open Ciutat de Badalona 2015"]
[Site "Badalona ESP"]
[Date "2015.08.10"]
[Round "9.1"]
[White "Peralta, Fernando"]
[Black "Cruz, Jonathan"]
[Result "1-0"]
[WhiteElo "2564"]
[BlackElo "2450"]
[PlyCount "141"]
[EventDate "2015.08.02"]
[EventType "swiss"]
[EventRounds "9"]
[EventCountry "ESP"]
[SourceTitle "Ajedrez en Madrid"]
[Source "lmi"]
[SourceDate "2015.08.02"]
[SourceVersion "1"]
[SourceVersionDate "2018.07.18"]
[SourceQuality "1"]

1. d4 Nf6 2. c4 e6 3. Nc3 Bb4 4. e3 O-O 5. Bd3 d5 6. cxd5 exd5 7. Nge2 c5 8.
O-O Nc6 9. a3 c4 10. Bc2 Ba5 11. f3 Re8 12. b3 cxb3 13. Bxb3 Bf5 14. g4 Be6 15.
Qd3 Rc8 16. Bd2 h5 17. h3 hxg4 18. hxg4 Bc7 19. Rf2 Na5 20. Ba4 Bd7 21. Bc2 g6
22. Raf1 Nc4 23. Bc1 Be6 24. Nf4 Bxf4 25. exf4 Qa5 26. f5 Ne3 27. fxe6 Rxe6 28.
Bxe3 Rxc3 29. Bd2 Rxd3 30. Bxa5 Rxa3 31. Bb4 Rae3 32. Bd2 Ra3 33. Rb1 Rc6 34.
Bg5 Nh7 35. Be7 Rac3 36. Rb2 Rc7 37. Bb4 R3c4 38. Bd6 Rd7 39. Be5 f6 40. Bb8
Ng5 41. Kg2 Kg7 42. Bxa7 Ne6 43. Rd2 Kh6 44. Kg3 Kg5 45. Bb8 Rc8 46. Rb6 Rc6
47. Rxc6 bxc6 48. Re2 Nc7 49. Ba4 f5 50. f4+ Kf6 51. Bxc6 Rd6 52. Bxd5 Rxd5 53.
Bxc7 g5 54. Be5+ Kg6 55. gxf5+ Kxf5 56. fxg5 Kxg5 57. Kf3 Kf5 58. Ke3 Ra5 59.
Rf2+ Ke6 60. Ke4 Ra4 61. Rb2 Kd7 62. Rb7+ Ke6 63. Rb6+ Kd7 64. Rd6+ Ke7 65. Rc6
Ra5 66. Rc5 Ra6 67. Kd5 Rh6 68. Rc7+ Kd8 69. Rg7 Ra6 70. Bd6 Kc8 71. Ke6 1-0

[Event "41. Open Ciutat de Badalona 2015"]
[Site "Badalona ESP"]
[Date "2015.08.10"]
[Round "9.2"]
[White "Harutyunian, Tigran K."]
[Black "Narciso Dublan, Marc"]
[Result "1/2-1/2"]
[WhiteElo "2472"]
[BlackElo "2532"]
[PlyCount "37"]
[EventDate "2015.08.02"]
[EventType "swiss"]
[EventRounds "9"]
[EventCountry "ESP"]
[SourceTitle "Ajedrez en Madrid"]
[Source "lmi"]
[SourceDate "2015.08.02"]
[SourceVersion "1"]
[SourceVersionDate "2018.07.18"]
[SourceQuality "1"]

1. Nf3 d6 2. d4 Bg4 3. Nbd2 Nd7 4. h3 Bh5 5. g4 Bg6 6. Nh4 e5 7. Nxg6 hxg6 8.
Bg2 c6 9. e3 Qc7 10. c4 f5 11. Qc2 Nh6 12. b4 Be7 13. Bb2 O-O 14. O-O e4 15. f4
exf3 16. Nxf3 Rae8 17. g5 Nf7 18. h4 Nb6 19. d5 1/2-1/2

[Event "41. Open Ciutat de Badalona 2015"]
[Site "Badalona ESP"]
[Date "2015.08.10"]
[Round "9.3"]
[White "Pardo Simon, David"]
[Black "Lopez Martinez, Josep Manuel"]
[Result "1-0"]
[WhiteElo "2468"]
[BlackElo "2540"]
[PlyCount "77"]
[EventDate "2015.08.02"]
[EventType "swiss"]
[EventRounds "9"]
[EventCountry "ESP"]
[SourceTitle "Ajedrez en Madrid"]
[Source "lmi"]
[SourceDate "2015.08.02"]
[SourceVersion "1"]
[SourceVersionDate "2018.07.18"]
[SourceQuality "1"]

1. d4 Nf6 2. Nf3 e6 3. e3 b6 4. Bd3 Bb7 5. O-O d5 6. c4 Bd6 7. Nc3 O-O 8. b3 a6
9. Bb2 Nbd7 10. Qc2 Re8 11. Rfd1 Qe7 12. e4 dxc4 13. bxc4 e5 14. Nd5 Nxd5 15.
cxd5 exd4 16. Nxd4 Be5 17. Rac1 Qf6 18. Bf1 Nc5 19. g3 g5 20. Bg2 Bc8 21. Qd2
Bd7 22. Ba1 Ba4 23. Rf1 g4 24. f4 gxf3 25. Rxf3 Qg6 26. Rf5 h6 27. Rcf1 f6 28.
Rxe5 Rxe5 29. Nf5 Rae8 30. Bxe5 Rxe5 31. d6 cxd6 32. Qxd6 Kh7 33. Ne7 Qg5 34.
Rxf6 Be8 35. Nf5 Nd7 36. Rxh6+ Kg8 37. h4 Qc1+ 38. Kh2 Qc5 39. Rh8+ 1-0

[Event "41. Open Ciutat de Badalona 2015"]
[Site "Badalona ESP"]
[Date "2015.08.10"]
[Round "9.4"]
[White "Petrosyan, Tigran S."]
[Black "Rios, Cristhian Camilo"]
[Result "0-1"]
[WhiteElo "2441"]
[BlackElo "2435"]
[PlyCount "116"]
[EventDate "2015.08.02"]
[EventType "swiss"]
[EventRounds "9"]
[EventCountry "ESP"]
[SourceTitle "Ajedrez en Madrid"]
[Source "lmi"]
[SourceDate "2015.08.02"]
[SourceVersion "1"]
[SourceVersionDate "2018.07.18"]
[SourceQuality "1"]

1. Nf3 Nf6 2. c4 c5 3. Nc3 b6 4. d4 cxd4 5. Nxd4 Bb7 6. f3 d6 7. e4 e6 8. Be2
Be7 9. Be3 O-O 10. O-O a6 11. Qd2 Qc7 12. Rfc1 Nbd7 13. Bf1 Rac8 14. Qf2 Qb8
15. a4 Bd8 16. Nb3 Bc7 17. g3 Ne5 18. Bd4 Nfd7 19. f4 Nc6 20. Be3 Nc5 21. Nxc5
dxc5 22. Rd1 Rcd8 23. Bg2 Na5 24. Qe2 Qa8 25. Rxd8 Rxd8 26. Rf1 f5 27. Bc1 Nb3
28. exf5 Bxg2 29. Qxg2 Qxg2+ 30. Kxg2 exf5 31. Nd5 Rd7 32. Nxc7 Rxc7 33. Rd1
Kf7 34. Be3 Na5 35. Rc1 Rd7 36. Kf2 Rd3 37. Rc2 Nc6 38. Rd2 Rb3 39. Rd7+ Kg8
40. Rd6 Rxb2+ 41. Kf3 Na5 42. Rd8+ Kf7 43. Rd7+ Kf8 44. Rd5 Nxc4 45. Bxc5+ bxc5
46. Rxf5+ Ke7 47. Rxc5 Nb6 48. a5 Nd7 49. Rc6 Rxh2 50. Rxa6 Ra2 51. Ra8 Ra3+
52. Kg2 Nf6 53. a6 Nh5 54. a7 Rxg3+ 55. Kf2 Ra3 56. f5 Nf6 57. Kg2 Kf7 58. Kg1
Ne8 0-1

[Event "41. Open Ciutat de Badalona 2015"]
[Site "Badalona ESP"]
[Date "2015.08.10"]
[Round "9.5"]
[White "Hughes, John L"]
[Black "Alsina Leal, Daniel"]
[Result "0-1"]
[WhiteElo "2184"]
[BlackElo "2531"]
[PlyCount "62"]
[EventDate "2015.08.02"]
[EventType "swiss"]
[EventRounds "9"]
[EventCountry "ESP"]
[SourceTitle "Ajedrez en Madrid"]
[Source "lmi"]
[SourceDate "2015.08.02"]
[SourceVersion "1"]
[SourceVersionDate "2018.07.18"]
[SourceQuality "1"]

1. e4 c5 2. c3 Nf6 3. e5 Nd5 4. Nf3 e6 5. d4 cxd4 6. cxd4 d6 7. Bc4 Be7 8. O-O
O-O 9. Qe2 Nd7 10. a3 N7b6 11. Ba2 Bd7 12. Nbd2 a6 13. Re1 Rc8 14. Ne4 Bb5 15.
Qd1 dxe5 16. dxe5 Qc7 17. Bd2 Nc4 18. Rc1 Qb6 19. Qc2 Nxe5 20. Qxc8 Nxf3+ 21.
gxf3 Bc6 22. Be3 Nxe3 23. Rxc6 bxc6 24. Qd7 Nf5 25. Bxe6 fxe6 26. Qxe6+ Rf7 27.
Qc8+ Qd8 28. Qxa6 Nh4 29. Kh1 Nxf3 30. Rc1 Qb8 31. Ng3 Qxb2 0-1

[Event "41. Open Ciutat de Badalona 2015"]
[Site "Badalona ESP"]
[Date "2015.08.10"]
[Round "9.6"]
[White "Panelo, Marcelo"]
[Black "Cori, Jorge"]
[Result "0-1"]
[WhiteElo "2418"]
[BlackElo "2635"]
[PlyCount "52"]
[EventDate "2015.08.02"]
[EventType "swiss"]
[EventRounds "9"]
[EventCountry "ESP"]
[SourceTitle "Ajedrez en Madrid"]
[Source "lmi"]
[SourceDate "2015.08.02"]
[SourceVersion "1"]
[SourceVersionDate "2018.07.18"]
[SourceQuality "1"]

1. d4 Nf6 2. Nf3 e6 3. c4 b6 4. a3 Bb7 5. Nc3 d5 6. cxd5 Nxd5 7. Bd2 Be7 8. Qc2
O-O 9. e4 Nxc3 10. Bxc3 Nd7 11. O-O-O a5 12. h4 c6 13. e5 Ba6 14. Bxa6 Rxa6 15.
Kb1 Re8 16. Bd2 b5 17. Bg5 b4 18. Bxe7 Qxe7 19. Ng5 g6 20. a4 b3 21. Qxb3 Rb8
22. Qf3 Rab6 23. Rd2 Rb3 24. Qxc6 Qb4 25. Qc1 Nb6 26. Qc7 Rf8 0-1

[Event "41. Open Ciutat de Badalona 2015"]
[Site "Badalona ESP"]
[Date "2015.08.10"]
[Round "9.7"]
[White "Grigoryan, Karen H."]
[Black "Sturt, Raven M"]
[Result "1-0"]
[WhiteElo "2582"]
[BlackElo "2282"]
[PlyCount "75"]
[EventDate "2015.08.02"]
[EventType "swiss"]
[EventRounds "9"]
[EventCountry "ESP"]
[SourceTitle "Ajedrez en Madrid"]
[Source "lmi"]
[SourceDate "2015.08.02"]
[SourceVersion "1"]
[SourceVersionDate "2018.07.18"]
[SourceQuality "1"]

1. d4 d5 2. c4 c6 3. Nf3 Nf6 4. Qb3 dxc4 5. Qxc4 Bf5 6. g3 e6 7. Bg2 Be7 8. O-O
O-O 9. e3 Nbd7 10. Rd1 Rc8 11. Qe2 c5 12. Nc3 Qb6 13. e4 Bg4 14. d5 exd5 15. e5
Rfe8 16. exf6 Bxf6 17. Qd3 Bxc3 18. bxc3 c4 19. Qxd5 Nf6 20. Qd2 Rcd8 21. Nd4
Bxd1 22. Qxd1 Qa5 23. Bd2 Ne4 24. Bxe4 Rxe4 25. Qc2 Qd5 26. Be3 h5 27. Rb1 a6
28. h4 Rd7 29. a4 Rd6 30. Qe2 Rd7 31. Rb4 Rc7 32. Nf3 f6 33. Nd2 Re6 34. Nxc4
Rec6 35. Nb6 Qe5 36. Qa2+ Kh7 37. Bd4 Qe6 38. Qb1+ 1-0

[Event "41. Open Ciutat de Badalona 2015"]
[Site "Badalona ESP"]
[Date "2015.08.10"]
[Round "9.8"]
[White "Pulvett Marin, Daniel"]
[Black "Arenas, David"]
[Result "1/2-1/2"]
[WhiteElo "2434"]
[BlackElo "2439"]
[PlyCount "55"]
[EventDate "2015.08.02"]
[EventType "swiss"]
[EventRounds "9"]
[EventCountry "ESP"]
[SourceTitle "Ajedrez en Madrid"]
[Source "lmi"]
[SourceDate "2015.08.02"]
[SourceVersion "1"]
[SourceVersionDate "2018.07.18"]
[SourceQuality "1"]

1. d4 Nf6 2. c4 g6 3. Nc3 Bg7 4. e4 d6 5. Nge2 O-O 6. Ng3 a6 7. Be2 c5 8. d5 b5
9. cxb5 axb5 10. Bxb5 Ba6 11. Qe2 Nfd7 12. O-O Qa5 13. Bxa6 Nxa6 14. Bg5 Rfe8
15. Rac1 Nc7 16. Rc2 e6 17. Qd1 Nb6 18. Bd2 Qa6 19. Bf4 Rad8 20. Nge2 exd5 21.
exd5 Qb7 22. Rd2 Nc4 23. Rc2 Nb6 24. Rd2 Ncxd5 25. Nxd5 Nxd5 26. Rxd5 Rxe2 27.
Rxd6 Rxd6 28. Qxd6 1/2-1/2

[Event "41. Open Ciutat de Badalona 2015"]
[Site "Badalona ESP"]
[Date "2015.08.10"]
[Round "9.9"]
[White "Gurevich, Daniel"]
[Black "Perez Mitjans, Orelvis"]
[Result "1-0"]
[WhiteElo "2392"]
[BlackElo "2434"]
[PlyCount "47"]
[EventDate "2015.08.02"]
[EventType "swiss"]
[EventRounds "9"]
[EventCountry "ESP"]
[SourceTitle "Ajedrez en Madrid"]
[Source "lmi"]
[SourceDate "2015.08.02"]
[SourceVersion "1"]
[SourceVersionDate "2018.07.18"]
[SourceQuality "1"]

1. d4 Nf6 2. Nf3 g6 3. c4 Bg7 4. Nc3 O-O 5. e4 d6 6. Be2 Na6 7. O-O e5 8. Re1
c6 9. Bf1 exd4 10. Nxd4 Re8 11. f3 Nh5 12. Be3 Be5 13. Qd2 Qf6 14. Nde2 Nc5 15.
f4 Bxc3 16. Nxc3 Qe7 17. b4 Nd7 18. Rad1 Nhf6 19. Bf2 a5 20. bxa5 Nc5 21. Bh4
Kg7 22. e5 Nfe4 23. Bxe7 Nxd2 24. Bf6+ 1-0

[Event "41. Open Ciutat de Badalona 2015"]
[Site "Badalona ESP"]
[Date "2015.08.10"]
[Round "9.10"]
[White "Fernandez Diaz, Cristian"]
[Black "Valdes Romero, Leonardo"]
[Result "1/2-1/2"]
[WhiteElo "2277"]
[BlackElo "2396"]
[PlyCount "21"]
[EventDate "2015.08.02"]
[EventType "swiss"]
[EventRounds "9"]
[EventCountry "ESP"]
[SourceTitle "Ajedrez en Madrid"]
[Source "lmi"]
[SourceDate "2015.08.02"]
[SourceVersion "1"]
[SourceVersionDate "2018.07.18"]
[SourceQuality "1"]

1. d4 Nf6 2. Nf3 g6 3. g3 Bg7 4. Bg2 O-O 5. O-O d6 6. a4 Nbd7 7. a5 Re8 8. Re1
c5 9. e4 cxd4 10. Nxd4 Ne5 11. h3 1/2-1/2